Thomas S. Kuhn (1922-1996)
Elmentve itt :
| Szerző: | |
|---|---|
| Adatforrás: | Philobibl |
| Forrásdokumentuma: | Világosság 1996:10. 76-81. p. |
| Dokumentumtípus: | Cikk |
| Nyelv: | magyar |
| Megjelent: |
1996
|
| LEADER | 00292nab a2200109 c 4500 | ||
|---|---|---|---|
| 001 | bibPHI0031817 | ||
| 005 | 20200924122935.8 | ||
| 008 | 080219s1996 hu hun | ||
| 100 | 1 | |a Forrai Gábor | |
| 245 | 1 | 0 | |a Thomas S. Kuhn (1922-1996) |c Forrai Gábor |
| 260 | |a 1996 | ||
| 773 | 0 | |t Világosság |g 1996:10. 76-81. p. | |